Artificial Intelligence and Circular Economy
Koncept obehového hospodárstva - regeneračný systém vhodný pre budúcnosť. Umelá inteligencia a je vplyv na urýchlenie prechodu na obehové hospodárstvo. Kruhové obchodné modely. Využitie umelej inteligencie na realizáciu ambícií obehového hospodárstva.
Enregistré dans:
| Auteur principal: | |
|---|---|
| Format: | Chapitre de livre |
| Langue: | anglais |
| Sujets: | |
| Tags: |
Pas de tags, Soyez le premier à ajouter un tag!
|
MARC
| LEADER | 00000naa$a2200000$$$4500 | ||
|---|---|---|---|
| 001 | 0298658 | ||
| 005 | 20240502074530.4 | ||
| 041 | 0 | |a eng | |
| 044 | |a SK | ||
| 245 | 1 | 0 | |a Artificial Intelligence and Circular Economy |c Milan Oreský |
| 520 | |a Koncept obehového hospodárstva - regeneračný systém vhodný pre budúcnosť. Umelá inteligencia a je vplyv na urýchlenie prechodu na obehové hospodárstvo. Kruhové obchodné modely. Využitie umelej inteligencie na realizáciu ambícií obehového hospodárstva. | ||
| 610 | 2 | 0 | |a inteligencia umelá |
| 610 | 2 | 0 | |a hospodárstvo obehové |
| 610 | 2 | 0 | |a modely obchodné |
| 610 | 2 | 0 | |a produkty |
| 610 | 2 | 0 | |a optimalizácia |
| 100 | 1 | |a Oreský, Milan, 1956- | |